[Event "IRT Antonio de Padua - ALEX 2016"]
[Site "Rio de Janeiro, RJ - Brazil"]
[Date "2016.10.22"]
[Round "2"]
[White "Fucs, Paulo Moses"]
[Black "De Deus Filho, Joaquim"]
[Result "1-0"]
[WhiteElo "2044"]
[BlackElo "1954"]
[EventRounds "6"]
[EventCountry "BRA"]

1. c4 e5 2. Nc3 g6 3. d4 Nc6 4. d5 Nb8 5. e4 d6 6. f4 exf4 7. Bxf4 Bg7 8. Nf3
Nf6 9. Bd3 O-O 10. Qd2 Re8 11. O-O-O Nbd7 12. Rde1 Ng4 13. Kb1 Nge5 14. Bg5 f6
15. Bh4 Nxd3 16. Qxd3 Ne5 17. Nxe5 Rxe5 18. Ka1 a6 19. Rhf1 Bd7 20. Qf3 Kf7
21. g4 h6 22. Bg3 Re7 23. e5 dxe5 24. Bxe5 Qe8 25. Qg3 Rc8 26. Bxc7 Bxg4 27.
d6 Rxe1+ 28. Rxe1 Be6 29. Nd5 Qc6 30. Rxe6 Kxe6 31. Qe3+ Kf7 32. a3 Re8 33.
Qb3 Re1+ 34. Ka2 Kf8 35. d7 Qxd7 36. Qb4+ Re7 37. Bd6 f5 38. Nxe7 Kf7 39. Nd5
g5 40. c5 Kg6 41. Ne7+ {#r} 1-0

[Event "IRT Antonio de Padua - ALEX 2016"]
[Site "Rio de Janeiro, RJ - Brazil"]
[Date "2016.10.22"]
[Round "2"]
[White "Rodrigues, Nei Jorge"]
[Black "Lima, Juarez"]
[Result "1-0"]
[WhiteElo "2036"]
[BlackElo "1875"]
[EventRounds "6"]
[EventCountry "BRA"]

1. d4 Nf6 2. Nf3 e6 3. Nbd2 d5 4. e3 Nbd7 5. Bd3 Bd6 6. c4 c6 7. c5 Bb8 8. b4
e5 9. dxe5 Nxe5 10. Nxe5 Bxe5 11. Rb1 O-O 12. Qc2 g6 13. f4 Bc7 14. Nf3 Re8
15. O-O Bg4 16. Ne5 Bxe5 17. fxe5 Ne4 18. Rf4 Qg5 19. Bb2 Re6 20. Rbf1 Bf5 21.
h4 Qg3 22. Qe2 h5 23. Bd4 Rf8 24. a4 Kg7 25. b5 Kh6 26. Bxe4 dxe4 27. Bc3 Bg4
28. Qe1 Qxe1 29. Rxe1 Bf5 30. Rd1 Rfe8 31. Rf2 cxb5 32. axb5 Rc8 33. Bd4 a6
34. Rb1 Re7 35. bxa6 bxa6 36. Rb6 Ra8 37. Rxf5 a5 38. Rf2 a4 39. Ra2 Rea7 40.
c6 Rc7 41. Bc5 Rac8 42. Rxa4 Rxc6 43. Bf8+ Kh7 44. Rxc6 Rxc6 45. Rxe4 Kg8 46.
Be7 Rc7 47. Bf6 Kh7 48. Rd4 g5 49. Bxg5 Kg6 50. e4 Rc5 51. Rd6+ Kg7 52. Kf2
Rc3 53. Bf6+ Kh7 54. Rd8 Rc7 55. Kf3 Kg6 56. Rg8+ Kh6 57. Rh8+ Kg6 58. Bg5 Rc5
59. Rh6+ Kg7 60. Rxh5 Rc3+ 61. Kg4 Rc2 62. g3 Re2 63. Bf6+ Kg6 64. Rg5+ Kh6
65. Kf3 Ra2 66. Rg7 Ra6 67. Kg4 Ra4 68. Rg8 Rxe4+ 69. Kf5 {#r} 1-0

[Event "IRT Antonio de Padua - ALEX 2016"]
[Site "Rio de Janeiro, RJ - Brazil"]
[Date "2016.10.22"]
[Round "2"]
[White "Ramos, Angelo Bil"]
[Black "Weibull, Oscar"]
[Result "1-0"]
[WhiteElo "2006"]
[BlackElo "1435"]
[EventRounds "6"]
[EventCountry "BRA"]

1. e4 e5 2. Nf3 Nf6 3. Nc3 Nc6 4. g3 Bc5 5. Bg2 O-O 6. d3 h6 7. O-O d5 8. Qe2
Nd4 9. Nxd4 exd4 10. Nxd5 Nxd5 11. exd5 Re8 12. Qh5 Qf6 13. Bf4 g5 14. Bxc7
Bf5 15. Qf3 Qg6 16. g4 Bd7 17. Rae1 Bb4 18. Re4 Rxe4 19. dxe4 Rc8 20. Bg3 Rxc2
21. Qb3 d3 22. Qxb4 d2 23. Bf3 Qf6 24. Bd1 Qxb2 25. Qe7 Bb5 26. Be5 {#r} 1-0

[Event "IRT Antonio de Padua - ALEX 2016"]
[Site "Rio de Janeiro, RJ - Brazil"]
[Date "2016.10.22"]
[Round "2"]
[White "Soares, Estevao Luiz"]
[Black "Santos Filho, Tadeu Sousa"]
[Result "0-1"]
[WhiteElo "1991"]
[BlackElo "2043"]
[EventRounds "6"]
[EventCountry "BRA"]

1. e4 e6 2. d4 d5 3. Nc3 Nf6 4. e5 Nfd7 5. f4 c5 6. Nf3 Nc6 7. Be3 Be7 8. Qd2
O-O 9. Ne2 b5 10. c3 a5 11. g3 b4 12. Bh3 g6 13. O-O Ba6 14. Rfd1 Bxe2 15.
Qxe2 Qb6 16. g4 bxc3 17. bxc3 Rfb8 18. f5 Qb2 19. Qxb2 Rxb2 20. fxe6 fxe6 21.
g5 Nd8 22. Bf1 c4 23. h4 Rab8 24. Rdc1 a4 25. Nh2 h5 26. gxh6 Bxh4 27. Nf3 Be7
28. Bh3 Nf8 29. Bg5 R8b7 30. Rf1 Nf7 31. h7+ Kxh7 32. Bxe7 Rxe7 33. Rab1 a3
34. Rxb2 axb2 35. Rb1 Rb7 36. a4 Rb3 37. Bg2 Kh6 38. Nd2 Rxc3 39. Rxb2 Rc1+
40. Nf1 Ng5 41. Rb7 Rd1 42. a5 Rxd4 43. Ne3 Rd3 44. Ng4+ Kh5 45. Nf6+ Kh4 46.
Kf2 Rd2+ 47. Kf1 Kg3 48. Rb8 Rf2+ 49. Ke1 Rxg2 50. Rxf8 Nf3+ 51. Kd1 Nxe5 52.
Re8 d4 53. Rxe6 Kf4 54. Rd6 d3 55. Nd5+ Ke4 56. Nc3+ Kf5 57. a6 Nf3 58. Rd5+
Ke6 59. Kc1 Rc2+ 60. Kd1 Rh2 61. Kc1 Rh8 62. a7 Ra8 63. Ra5 Kd7 64. Nd5 Kc6
65. Ne7+ Kb6 66. Ra4 Ne5 67. Nc8+ Kc7 68. Ne7 Kb7 69. Kd2 Rxa7 70. Rb4+ Kc7
71. Nd5+ Kc6 72. Ne3 Kc5 73. Rb8 Kd4 74. Rd8+ Rd7 75. Rxd7+ Nxd7 76. Nd1 Ne5
{#R} 0-1

[Event "IRT Antonio de Padua - ALEX 2016"]
[Site "Rio de Janeiro, RJ - Brazil"]
[Date "2016.10.22"]
[Round "2"]
[White "Pereira, Marcos Luciano"]
[Black "Silva, Joao Paulo Gomes"]
[Result "1-0"]
[WhiteElo "1750"]
[BlackElo "1598"]
[EventRounds "6"]
[EventCountry "BRA"]

1. d4 Nf6 2. e3 d5 3. Bd3 c6 4. Nd2 Nbd7 5. Ngf3 e6 6. e4 dxe4 7. Nxe4 g6 8.
Bg5 Qe7 9. Ne5 Bg7 10. Nxd7 Bxd7 11. Qf3 Qb4+ 12. c3 Qxb2 13. Rb1 Qxa2 14.
Bxf6 O-O 15. Bxg7 Kxg7 16. Qf6+ Kg8 17. Rxb7 Be8 18. O-O Qd5 19. c4 Qd8 20.
Qe5 f6 21. Qxe6+ Kh8 22. Nd6 Rb8 23. Nf7+ Bxf7 24. Rxf7 Rxf7 25. Qxf7 {#r} 1-0

[Event "IRT Antonio de Padua - ALEX 2016"]
[Site "Rio de Janeiro, RJ - Brazil"]
[Date "2016.10.22"]
[Round "2"]
[White "Rios, Hilton"]
[Black "Mesquita, Arnaldo Leite"]
[Result "0-1"]
[WhiteElo "2176"]
[BlackElo "1725"]
[EventRounds "6"]
[EventCountry "BRA"]

1. d4 Nf6 2. c4 e6 3. Nf3 Bb4+ 4. Nbd2 O-O 5. g3 b6 6. Bg2 Bb7 7. O-O d5 8.
Qc2 Be7 9. Rd1 Na6 10. Ne5 c5 11. dxc5 Bxc5 12. a3 Qc7 13. Ndf3 Ne4 14. Nd3
dxc4 15. Nxc5 Naxc5 16. Qxc4 Bd5 17. Qb4 a5 18. Qb5 Nd6 {#R} 0-1

[Event "IRT Antonio de Padua - ALEX 2016"]
[Site "Rio de Janeiro, RJ - Brazil"]
[Date "2016.10.22"]
[Round "2"]
[White "Rovedo, Salomao"]
[Black "Salles, Marvio Darilho"]
[Result "0-1"]
[WhiteElo "1681"]
[BlackElo "2063"]
[EventRounds "6"]
[EventCountry "BRA"]

1. d4 Nf6 2. c4 c5 3. Nc3 cxd4 4. Qxd4 Nc6 5. Qd1 g6 6. Bg5 Bg7 7. Bxf6 Bxf6
8. Qc2 d6 9. e3 O-O 10. Nf3 Qa5 11. a3 Bf5 12. Bd3 Nb4 13. axb4 Qxa1+ 14. Nd1
Bxd3 15. Qxd3 Bxb2 16. O-O Bg7 17. Nd4 Qa4 18. b5 Rac8 19. Nb2 Qb4 20. Rb1 e5
21. Nc2 Qc5 22. Na3 e4 23. Qb3 Bxb2 24. Rxb2 d5 {#R} 0-1

[Event "IRT Antonio de Padua - ALEX 2016"]
[Site "Rio de Janeiro, RJ - Brazil"]
[Date "2016.10.22"]
[Round "2"]
[White "Lisboa Torres, Eduardo"]
[Black "Pinon, Antonio Marcos"]
[Result "1/2-1/2"]
[WhiteElo "1893"]
[BlackElo "1625"]
[EventRounds "6"]
[EventCountry "BRA"]

1. d4 d5 2. c4 e5 3. dxe5 d4 4. Nf3 Nc6 5. g3 Bf5 6. a3 f6 7. exf6 Qxf6 8. Bg5
Qg6 9. Bg2 h6 10. Bf4 O-O-O 11. Nh4 Qf6 12. Nxf5 Qxf5 13. h4 Qf6 14. Qa4 Nge7
15. O-O g5 16. b4 gxf4 17. b5 d3 18. Ra2 Nd4 19. exd3 fxg3 20. Qxa7 Qxh4 21.
Bxb7+ Kd7 22. fxg3 Rg8 23. Bc6+ Ndxc6 24. bxc6+ Ke8 25. Rg2 Rxg3 26. Rxf8+
Kxf8 27. Qf2+ Ke8 28. Rxg3 Qd4 29. Qxd4 Rxd4 30. Nc3 Rd6 31. Re3 Kf7 32. Nb5
Rxc6 33. Kf2 h5 34. Re5 h4 35. Kg2 Ke8 36. Kh3 Kd8 37. Rh5 Ng6 38. Rd5+ Ke7
39. Kg4 Ra6 40. Nxc7 Rxa3 41. Kf5 Nf8 42. Kg4 Ra1 43. Kxh4 Rg1 44. Rg5 Ng6+
45. Kh5 Nf4+ 46. Kh6 Rh1+ 47. Kg7 Kd7 48. Rc5 Kd6 49. Rf5 Nxd3 50. Nb5+ Kc6
51. Nd4+ Kb6 52. Rb5+ Kc7 53. Ne6+ Kd6 54. Rd5+ Kxe6 55. Rxd3 Rc1 56. Rd4 Ke5
57. Rh4 Kd6 58. Kf7 Kc5 59. Ke6 Rxc4 {#d} 1/2-1/2

[Event "IRT Antonio de Padua - ALEX 2016"]
[Site "Rio de Janeiro, RJ - Brazil"]
[Date "2016.10.22"]
[Round "2"]
[White "Saraiva, Alexandre Pacheco"]
[Black "Ribeiro Junior, Sairo Jose Mallet"]
[Result "0-1"]
[WhiteElo "1847"]
[BlackElo "1805"]
[EventRounds "6"]
[EventCountry "BRA"]

1. d4 Nf6 2. Bg5 c5 3. Bxf6 exf6 4. d5 d6 5. c4 Bf5 6. Nc3 Nd7 7. e4 Bg6 8.
Bd3 Ne5 9. Nge2 Be7 10. O-O O-O 11. Ng3 Re8 12. Be2 h6 13. f4 Nd7 14. Bg4 Bf8
15. Bf5 Bxf5 16. Nxf5 g6 17. Ng3 Bg7 18. Qd3 Nb6 19. b3 f5 20. exf5 Bd4+ 21.
Kh1 Re3 22. Qd2 Rxc3 23. Rae1 Rxg3 24. hxg3 Qf6 25. Qd3 g5 26. Qf3 Kh7 27. Qe4
Rg8 28. Rf3 g4 29. Rd3 Nc8 30. Re2 h5 31. Kh2 h4 32. Red2 hxg3+ 33. Kxg3 Ne7
34. Rxd4 Nxf5+ 35. Kf2 cxd4 36. g3 Kg7 37. Kg2 Rh8 38. Rd3 Ne3+ 39. Kg1 Rh3
40. Qxd4 Qxd4 41. Rxd4 Rxg3+ 42. Kf2 Nf5 43. Re4 Rf3+ 44. Kg2 Kf6 45. Re8 Rxf4
46. Rb8 Ne3+ 47. Kh2 Nf1+ 48. Kg2 g3 49. Rxb7 Kg5 50. c5 Kg4 51. Re7 Rf2+ 52.
Kg1 Nd2 {#R} 0-1

[Event "IRT Antonio de Padua - ALEX 2016"]
[Site "Rio de Janeiro, RJ - Brazil"]
[Date "2016.10.22"]
[Round "2"]
[White "Gomes, Pedro Pessoa"]
[Black "Oliveira da Silva, Claudio"]
[Result "0-1"]
[WhiteElo "1621"]
[BlackElo "1841"]
[EventRounds "6"]
[EventCountry "BRA"]

1. Nf3 d5 2. g3 c5 3. Bg2 Nc6 4. d4 e6 5. O-O Nf6 6. c3 Be7 7. dxc5 Bxc5 8. b4
Be7 9. Bf4 O-O 10. Nbd2 Bd7 11. a3 Rc8 12. Rc1 a6 13. c4 h6 14. b5 Na5 15.
cxd5 Nxd5 16. bxa6 bxa6 17. Rxc8 Qxc8 18. Be5 Nc6 19. Bb2 Qb7 20. Qa1 Bf6 21.
Bxf6 Nxf6 22. Ne5 Nd5 23. Nxd7 Qxd7 24. Rd1 Nce7 25. Nf3 Qb5 26. Nd4 Qa4 27.
Bh3 Nc3 28. Rd3 Nb5 29. Nxb5 Qxb5 30. Kf1 Rb8 31. Rd6 a5 32. Qd4 Nd5 33. Qe5
Qb1+ 34. Kg2 Qb7 35. f3 Kh8 36. Bg4 Qb2 37. Rd8+ Kh7 38. Qxb8 Qxe2+ 39. Kh3
Ne3 40. Qb1+ f5 41. Bxf5+ exf5 42. Qh1 g5 43. Qb1 Qg2# 0-1

[Event "IRT Antonio de Padua - ALEX 2016"]
[Site "Rio de Janeiro, RJ - Brazil"]
[Date "2016.10.22"]
[Round "2"]
[White "Luz da Costa, Carlos Henrique"]
[Black "Garcia Perez, Bruno"]
[Result "0-1"]
[WhiteElo "1544"]
[BlackElo "1812"]
[EventRounds "6"]
[EventCountry "BRA"]

1. d4 Nf6 2. Nf3 e6 3. Bg5 Be7 4. e3 b6 5. Bd3 Bb7 6. Nbd2 c5 7. c3 Nc6 8. Rc1
d5 9. O-O O-O 10. Re1 h6 11. Bh4 Rc8 12. h3 Nd7 13. Bg3 f5 14. Ne5 Ndxe5 15.
dxe5 Qc7 16. f4 Qd8 17. Nf3 Qe8 18. h4 c4 19. Be2 b5 20. Nd4 Nxd4 21. exd4 b4
22. cxb4 Bxb4 23. Rf1 Be7 24. Rf3 Qd8 25. h5 Qa5 26. a3 Bc6 27. Be1 Qb6 28.
Qd2 Rb8 29. Rb1 Ba4 30. Bd1 Bxd1 31. Qxd1 Rfc8 32. Rg3 Bh4 33. Rxg7+ Kxg7 34.
Bxh4 Qb3 35. Qe1 Kh7 36. Qa5 Rb7 37. Qa6 Qb6 38. Qa4 Qxd4+ 39. Bf2 Qxf4 40.
Qa6 Rg7 41. Qxc8 Qe4 42. g3 Qxb1+ 43. Kg2 Qe4+ 44. Kf1 Qxe5 45. Qc5 Qxb2 46.
Bd4 Qb6 47. Qxb6 axb6 48. Kf2 Ra7 49. Bb2 Kg8 50. Ke3 Kf7 51. Kf4 c3 52. Bxc3
Rxa3 53. Ke5 Rxc3 {#R} 0-1

[Event "IRT Antonio de Padua - ALEX 2016"]
[Site "Rio de Janeiro, RJ - Brazil"]
[Date "2016.10.22"]
[Round "2"]
[White "Da Luz, Luiz Alberto"]
[Black "Rodrigues, Flavio Jose"]
[Result "0-1"]
[WhiteElo "1410"]
[BlackElo "1802"]
[EventRounds "6"]
[EventCountry "BRA"]

1. b4 e5 2. Bb2 d6 3. g3 Nf6 4. Bg2 c6 5. d3 Be7 6. Nd2 Be6 7. a3 Nbd7 8. c4
Qb6 9. h3 O-O 10. Ngf3 Ne8 11. O-O f5 12. Kh2 Nef6 13. Ng5 Ng4+ 14. hxg4 Bxg5
15. Nf3 Be7 16. g5 Qd8 17. Qd2 f4 18. gxf4 Rxf4 19. e3 Rf8 20. e4 Rf4 21. Rh1
Bxg5 22. Nxg5 Qxg5 23. Kg1 Raf8 24. f3 Qg3 25. Qf2 Rxf3 26. Qxg3 Rxg3 27. d4
Bxc4 28. Kh2 Rg6 29. Kg1 Be2 30. Rh2 Bf3 31. Re1 Rf4 32. Kh1 Rxg2 33. Rxg2
Rxe4 34. Rxe4 Bxe4 35. Kg1 Bxg2 36. Kxg2 Kf7 {#R} 0-1

[Event "IRT Antonio de Padua - ALEX 2016"]
[Site "Rio de Janeiro, RJ - Brazil"]
[Date "2016.10.23"]
[Round "3"]
[White "Parente, Renan Braz"]
[Black "Simoes, Leo Ramos"]
[Result "1-0"]
[WhiteElo "2126"]
[BlackElo "2010"]
[EventRounds "6"]
[EventCountry "BRA"]

1. e4 e5 2. Nf3 Nc6 3. Bb5 a6 4. Ba4 Nf6 5. O-O b5 6. Bb3 Be7 7. d4 d6 8. a4
Bb7 9. Qe2 Nxd4 10. Nxd4 exd4 11. axb5 Qc8 12. e5 Ng4 13. exd6 cxd6 14. Bg5 f6
15. Be6 Qc5 16. bxa6 Qb6 17. Bxg4 fxg5 18. Re1 O-O 19. axb7 Rxa1 20. Qxe7 Qd8
21. Be6+ Kh8 22. Qxd8 {#r} 1-0

[Event "IRT Antonio de Padua - ALEX 2016"]
[Site "Rio de Janeiro, RJ - Brazil"]
[Date "2016.10.23"]
[Round "3"]
[White "Souza, Iago Henrique da Silva"]
[Black "Ramos, Angelo Bil"]
[Result "0-1"]
[WhiteElo "2046"]
[BlackElo "2006"]
[EventRounds "6"]
[EventCountry "BRA"]

1. d4 Nf6 2. c4 g6 3. Nc3 d5 4. cxd5 Nxd5 5. e4 Nxc3 6. bxc3 Bg7 7. Bc4 c5 8.
Ne2 Nc6 9. Be3 O-O 10. O-O Bg4 11. f3 Na5 12. Bxf7+ Rxf7 13. fxg4 Rxf1+ 14.
Kxf1 cxd4 15. cxd4 e5 16. d5 Nc4 17. Qd3 b5 18. Kg1 Qd7 19. h3 Rc8 20. Kh1 a6
21. Ng1 Nd6 22. Nf3 Rc4 23. Nd2 Ra4 24. Rc1 Rxa2 25. Rc6 Bf8 26. Qc3 Qe7 27.
g5 Nb7 28. d6 Qe6 29. d7 Ra3 30. Rxe6 Rxc3 31. Bg1 Rd3 32. Nf3 Rxd7 33. Rxa6
Rd1 34. Kh2 Nc5 35. Bxc5 Bxc5 36. Nxe5 Bd6 37. Ra8+ Kg7 38. Re8 b4 39. g3 b3
40. Nc4 b2 41. Nxb2 Rd2+ 42. Kg1 Rxb2 43. Rd8 Bxg3 44. Rd7+ Kg8 45. Rd8+ Kf7
46. Rd7+ Ke6 47. Rxh7 Be5 48. h4 Rh2 49. Rh6 Kf7 50. h5 gxh5 51. Rf6+ Kg7 52.
Rf5 Bb8 53. Rb5 Bg3 54. Rb3 h4 55. Rf3 Re2 56. Rb3 Rxe4 57. Kg2 Re5 58. Kh3
Kg6 59. Rb7 Kxg5 60. Rg7+ Kf4 61. Rf7+ Ke3 62. Kg4 Re4+ 63. Kh3 Ke2 64. Rf1
Be1 65. Rf7 Re3+ 66. Kg2 Rg3+ 67. Kh2 Bf2 68. Rb7 Bg1+ 69. Kh1 Be3 70. Rb2+
Kf3 71. Rg2 Kg4 72. Kh2 Bf4 73. Kh1 Kf3 74. Rh2 h3 75. Rb2 Be3 76. Rb3 Rg1+
77. Kh2 Re1 78. Ra3 Kg4 {#R} 0-1

[Event "IRT Antonio de Padua - ALEX 2016"]
[Site "Rio de Janeiro, RJ - Brazil"]
[Date "2016.10.23"]
[Round "3"]
[White "Okamura, Milton Kasuo"]
[Black "Fucs, Paulo Moses"]
[Result "1/2-1/2"]
[WhiteElo "2004"]
[BlackElo "2044"]
[EventRounds "6"]
[EventCountry "BRA"]

1. d4 Nf6 2. c4 e6 3. Nc3 b6 4. a3 Ba6 5. Qa4 Bb7 6. e3 Be7 7. Nge2 O-O 8. Nf4
d5 9. cxd5 exd5 10. Bd3 Nbd7 11. Qd1 Re8 12. O-O Bd6 13. Qf3 c5 14. Nfxd5 Rb8
15. Nxf6+ Nxf6 16. Qd1 Qc7 17. h3 a6 18. Be2 Rbd8 19. Bd2 cxd4 20. exd4 Bh2+
21. Kh1 Rxd4 22. Qc1 Bf4 23. Bxf4 Rxf4 24. Qd2 Qe5 25. Rae1 Qd4 26. Qxd4 Rxd4
27. Rd1 Red8 28. Rxd4 Rxd4 29. Rd1 Rxd1+ 30. Bxd1 b5 31. Bb3 Kf8 32. Kg1 Ke7
33. Kf1 {#d} 1/2-1/2

[Event "IRT Antonio de Padua - ALEX 2016"]
[Site "Rio de Janeiro, RJ - Brazil"]
[Date "2016.10.23"]
[Round "3"]
[White "Baeta, Marcio Netto"]
[Black "Rodrigues, Nei Jorge"]
[Result "1-0"]
[WhiteElo "1971"]
[BlackElo "2036"]
[EventRounds "6"]
[EventCountry "BRA"]

1. c4 e6 2. Nc3 d5 3. d4 a6 4. Nf3 Nf6 5. Bg5 c6 6. c5 Nbd7 7. e3 Be7 8. Bd3
h6 9. Bf4 Nh5 10. O-O Nxf4 11. exf4 O-O 12. Qe2 Re8 13. b4 Nf8 14. Na4 Qc7 15.
Nb6 Ra7 16. g3 Bd8 17. Ne5 Qb8 18. a4 Bxb6 19. cxb6 Ra8 20. a5 Qd6 21. Rab1 f6
22. Nf3 Bd7 23. Rfe1 Re7 24. Qd2 Be8 25. h3 Bf7 26. Re3 Rae8 27. Rbe1 Bh5 28.
g4 Bf7 29. R3e2 Nh7 30. Nh4 Nf8 31. g5 f5 32. gxh6 gxh6 33. Re3 Bh5 34. Rg3+
Kh8 35. Kh2 Rf7 36. Reg1 Qe7 37. Ng2 Nd7 38. Ne1 Qh4 39. f3 Qf6 40. Qg2 Ree7
41. Rg8+ Kh7 42. Qf2 Rg7 43. R8xg7+ Rxg7 44. Rxg7+ Kxg7 45. Be2 Be8 46. Nd3
Kh7 47. Qe3 Kg7 48. Ne5 Nxe5 49. Qxe5 Qxe5 50. fxe5 Kg6 51. Bxa6 {#r} 1-0

[Event "IRT Antonio de Padua - ALEX 2016"]
[Site "Rio de Janeiro, RJ - Brazil"]
[Date "2016.10.23"]
[Round "3"]
[White "Khaje Hesamedini, Ali"]
[Black "Pereira, Marcos Luciano"]
[Result "1-0"]
[WhiteElo "2268"]
[BlackElo "1750"]
[EventRounds "6"]
[EventCountry "BRA"]

1. d4 Nf6 2. c4 e6 3. g3 Bb4+ 4. Bd2 Bxd2+ 5. Qxd2 O-O 6. Bg2 d5 7. Nf3 Ne4 8.
Qc2 c6 9. O-O Nd6 10. Nbd2 b5 11. c5 Nf5 12. Rad1 Nd7 13. e4 Ne7 14. Rfe1 Ng6
15. h4 f5 16. exd5 exd5 17. Ng5 Nf6 18. Ne6 Bxe6 19. Rxe6 Qd7 20. Rd6 Qc8 21.
Re1 Ne4 22. Nxe4 fxe4 23. h5 Ne7 24. h6 Nf5 25. Bh3 g6 26. Qd2 Qc7 27. Re6 e3
28. R1xe3 Nxe3 29. Qxe3 Rad8 30. Re7 Qb8 31. Be6+ Kh8 32. Rb7 {#r} 1-0

[Event "IRT Antonio de Padua - ALEX 2016"]
[Site "Rio de Janeiro, RJ - Brazil"]
[Date "2016.10.23"]
[Round "3"]
[White "Santos Filho, Tadeu Sousa"]
[Black "Almeida, Gianluca Jorio"]
[Result "1-0"]
[WhiteElo "2043"]
[BlackElo "1925"]
[EventRounds "6"]
[EventCountry "BRA"]

1. e4 g6 2. Nc3 c6 3. f4 d5 4. e5 h5 5. d4 Nh6 6. Nf3 Bf5 7. Be3 e6 8. Be2 Nd7
9. O-O Be7 10. h3 a6 11. b3 c5 12. Na4 Rc8 13. c4 dxc4 14. bxc4 cxd4 15. Nxd4
O-O 16. g4 hxg4 17. hxg4 Be4 18. Nc3 Nc5 19. Qd2 Bh4 20. f5 Bg3 21. Bg5 Qc7
22. Qe3 Qxe5 23. Nxe4 Nxe4 24. Bxh6 Bh2+ 25. Kg2 Rfd8 26. Rad1 gxf5 27. gxf5
Kh7 28. Bf4 Bxf4 29. Rxf4 Rg8+ 30. Bg4 exf5 31. Rh1+ Kg7 32. Nxf5+ Kf8 33.
Qxe4 Qb2+ 34. Rf2 Qb4 35. Re1 Rxg4+ 36. Qxg4 Qxe1 37. Qg7+ Ke8 38. Qg8+ Kd7
39. Qxf7+ Kc6 40. Qd5+ Kb6 41. Rb2+ {#r} 1-0

[Event "IRT Antonio de Padua - ALEX 2016"]
[Site "Rio de Janeiro, RJ - Brazil"]
[Date "2016.10.23"]
[Round "3"]
[White "Garcia Perez, Bruno"]
[Black "Zacarias, Rodrigo Medeiros"]
[Result "1/2-1/2"]
[WhiteElo "1812"]
[BlackElo "2112"]
[EventRounds "6"]
[EventCountry "BRA"]

1. c4 Nf6 2. Nc3 d5 3. cxd5 Nxd5 4. g3 g6 5. Bg2 Nb6 6. d3 Bg7 7. Nf3 O-O 8.
O-O Nc6 9. Be3 h6 10. Rc1 Be6 11. Qd2 Kh7 12. b3 Nd5 13. Nxd5 Bxd5 14. Nh4
Bxg2 15. Nxg2 Qd7 16. Bc5 Rfe8 17. Qf4 e5 18. Qa4 Rad8 19. Be3 Nd4 20. Bxd4
Qxa4 21. bxa4 Rxd4 22. Rxc7 Rxa4 23. Rxb7 Rxa2 24. Rxf7 a5 25. Rb1 Rf8 26. Ra7
Kg8 27. Nh4 Rxe2 28. Rbb7 Bf6 29. Nxg6 Rc8 30. Rf7 Bh8 31. Rh7 Bf6 32. Rhf7
Bh8 33. Ne7+ Kxf7 34. Nxc8+ Ke6 35. Rxa5 e4 36. dxe4 Bd4 37. Rf5 Rxe4 38. Rh5
Kd7 39. Rxh6 Kxc8 40. Rh7 Kd8 41. Rf7 Re6 42. Kg2 Rf6 43. Rxf6 Bxf6 44. Kf3
Ke7 45. Kg4 Bd4 46. f4 Kf6 47. h4 Bf2 48. f5 Bxg3 {#d} 1/2-1/2

[Event "IRT Antonio de Padua - ALEX 2016"]
[Site "Rio de Janeiro, RJ - Brazil"]
[Date "2016.10.23"]
[Round "3"]
[White "Salles, Marvio Darilho"]
[Black "Rodrigues, Flavio Jose"]
[Result "1-0"]
[WhiteElo "2063"]
[BlackElo "1802"]
[EventRounds "6"]
[EventCountry "BRA"]

1. e4 c5 2. Nf3 d6 3. d4 cxd4 4. Nxd4 Nf6 5. Nc3 a6 6. Bg5 e6 7. Qf3 Be7 8.
O-O-O Qc7 9. g4 Nc6 10. Be2 Bd7 11. h4 O-O-O 12. Be3 Kb8 13. g5 Ng4 14. Nxc6+
Bxc6 15. Qxg4 d5 16. exd5 exd5 17. Bf4 Bd6 18. Bxd6 Rxd6 19. Rd4 {#r} 1-0

[Event "IRT Antonio de Padua - ALEX 2016"]
[Site "Rio de Janeiro, RJ - Brazil"]
[Date "2016.10.23"]
[Round "3"]
[White "Mesquita, Arnaldo Leite"]
[Black "Manzi, Luiz Antonio Bardaro"]
[Result "1-0"]
[WhiteElo "1725"]
[BlackElo "2051"]
[EventRounds "6"]
[EventCountry "BRA"]

1. Nf3 Nf6 2. g3 g6 3. Bg2 Bg7 4. O-O O-O 5. c4 c5 6. Nc3 Nc6 7. d3 d6 8. a3
Rb8 9. Rb1 Ne8 10. Bg5 h6 11. Bd2 Bg4 12. Nd5 e6 13. Ne3 Bxf3 14. Bxf3 Nd4 15.
Bg2 f5 16. b4 b6 17. b5 Nf6 18. Nc2 Nxc2 19. Qxc2 d5 20. Bf4 Ra8 21. Be5 Qd7
22. Rbd1 Rad8 23. a4 Ng4 24. Bxg7 Kxg7 25. d4 Rc8 26. dxc5 Rxc5 27. Qb2+ Nf6
28. cxd5 exd5 29. Rd2 Kf7 30. Rfd1 Qe6 31. Qb3 Rd8 32. e3 Rd7 33. Rd4 Qe5 34.
Qd3 Ke6 35. f3 Qc7 36. e4 dxe4 37. Qb3+ Ke7 38. Rxd7+ Nxd7 39. fxe4 fxe4 40.
Bxe4 Qe5 41. Qd3 Nf8 42. Qd8+ Kf7 43. Rf1+ Ke6 44. Qe8+ Kd6 45. Qxf8+ {#r} 1-0

[Event "IRT Antonio de Padua - ALEX 2016"]
[Site "Rio de Janeiro, RJ - Brazil"]
[Date "2016.10.23"]
[Round "3"]
[White "De Deus Filho, Joaquim"]
[Black "Goncalves, Luiz Oswaldo Cifuentes"]
[Result "1/2-1/2"]
[WhiteElo "1954"]
[BlackElo "1826"]
[EventRounds "6"]
[EventCountry "BRA"]

1. f4 c5 2. e4 e6 3. Nf3 a6 4. d3 Nc6 5. c3 g6 6. g3 d5 7. Qe2 Nge7 8. Bg2 Bg7
9. O-O O-O 10. g4 f5 11. gxf5 exf5 12. e5 d4 13. c4 Qb6 14. Kh1 Nd8 15. Rg1 h6
16. Nh4 Kh7 17. Bf3 Bd7 18. Nd2 Bc6 19. Qg2 Bxf3 20. Ndxf3 Nf7 21. Rb1 Nh8 22.
Bd2 a5 23. b3 Qc6 24. h3 b6 25. Kh2 Rae8 26. a3 Qe6 27. b4 Rg8 28. bxc5 bxc5
29. Qe2 Rb8 30. Bxa5 Qa6 31. Qd2 Rb7 32. Rxb7 Qxb7 33. Qc2 Rb8 34. Ra1 Nf7 35.
Bd2 g5 36. fxg5 Nxe5 37. Bf4 Nxf3+ 38. Nxf3 Qb2 39. Qxb2 Rxb2+ 40. Kg3 Ng6 41.
a4 Rb6 42. a5 Ra6 43. Bc7 Ne7 44. Re1 Ng6 45. Bb6 h5 46. Rb1 Bf8 47. Bc7 Ra7
48. Bb6 Bd6+ 49. Kf2 Ra8 50. h4 Nf4 51. Rb3 Kg7 52. Ra3 Ra6 53. Ke1 Ng2+ 54.
Ke2 Ne3 55. Nxd4 cxd4 56. Bxd4+ Kg6 57. Bxe3 Bxa3 {#d} 1/2-1/2

[Event "IRT Antonio de Padua - ALEX 2016"]
[Site "Rio de Janeiro, RJ - Brazil"]
[Date "2016.10.23"]
[Round "3"]
[White "Weibull, Oscar"]
[Black "Petrenko, Willy"]
[Result "0-1"]
[WhiteElo "1435"]
[BlackElo "1913"]
[EventRounds "6"]
[EventCountry "BRA"]

1. d4 Nf6 2. c4 e6 3. Nc3 d5 4. Nf3 h6 5. a3 Be7 6. Bf4 O-O 7. e3 a6 8. c5 Nh5
9. Bd3 Nxf4 10. exf4 Nc6 11. O-O f5 12. Bc2 b6 13. b4 Bf6 14. Rb1 b5 15. a4
Na7 16. Ne5 Qe8 17. Kh1 Bd7 18. Ra1 Nc6 19. axb5 Nxb4 20. c6 Bc8 21. Bd3 Rb8
22. bxa6 Bxe5 23. fxe5 Qxc6 24. a7 Ra8 25. Rc1 Nxd3 26. Qxd3 Ba6 27. Qd1 Bxf1
28. Qxf1 Qb6 29. Nb5 c6 30. Nd6 Rxa7 31. Qd3 Qb2 {#R} 0-1

[Event "IRT Antonio de Padua - ALEX 2016"]
[Site "Rio de Janeiro, RJ - Brazil"]
[Date "2016.10.23"]
[Round "3"]
[White "Lima, Juarez"]
[Black "Ribeiro Junior, Sairo Jose Mallet"]
[Result "0-1"]
[WhiteElo "1875"]
[BlackElo "1805"]
[EventRounds "6"]
[EventCountry "BRA"]

1. e4 c5 2. Nc3 d6 3. Bc4 Nc6 4. Nge2 a6 5. a4 g6 6. d4 cxd4 7. Nxd4 Bg7 8.
Nf3 e6 9. O-O Nge7 10. Be2 O-O 11. Na2 d5 12. exd5 Nxd5 13. c3 Qc7 14. Qe1 Na5
15. Rb1 Nb3 16. Qd1 Nxc1 17. Rxc1 Rd8 18. Qc2 e5 19. c4 Nf4 20. Rfd1 Bf5 21.
Qb3 Nxe2+ 22. Kf1 Nxc1 23. Rxc1 Rd3 24. Nc3 e4 25. Ne1 Qxh2 26. Qxb7 Qh1+ 27.
Ke2 Rad8 28. Nxe4 Bg4+ 29. f3 Bxf3+ 30. gxf3 Qh2+ 31. Kf1 Re3 32. Qb6 Qe2+ 33.
Kg1 Re8 34. Nd6 R3e6 35. Ng2 Qd2 36. Kh2 Be5+ 37. f4 Bxf4+ 38. Kh1 Qxc1+ {#R}
0-1